000 00904nac a22001691u 4500
008 101221t xxu||||| |||| 00| 0 ara d
082 _a615.537
_bش ل ب
100 1 _aشلبى ، ياسر جعفر
_921625
245 _aمعجزات الأعشاب الطبيعية في علاج الأمراض القلبية وتنشيط الدورة الدموية /
_cياسر جعفر شلبى
260 _aالقاهرة :
_bالأهرام للتوزيع ،
_c[د . ت].
300 _a112 ص :
_bايض ؛
_c18 سم.
541 _aإهداء ؛
_cمكتبة الإسكندرية ؛
650 _aالقلب
_921626
_xأمراض
650 _aالعلاج النباتي
_921627
942 _cBB
_k615.537 ش ل ب
_2ddc
999 _c6825
_d6825